Sources of hyperbolic geometry /

Guardado en:
Autor Principal: Stillwell, John.
Formato: Libro
Idioma:English
Publicado: Providence, R.I. : [London] : American Mathematical Society ; London Mathematical Society, c1996.
Series:History of mathematics ; v. 10
Etiquetas: Agregar Etiqueta
Sin Etiquetas, Sea el primero en etiquetar este registro!
LEADER 00737nam a22002055a 4500
001 MAT.inmabb000067
008 960131s1996####riua#####b####001#0#eng##
005 20130207174627.0
245 1 0 |a Sources of hyperbolic geometry /  |c John Stillwell. 
260 |a Providence, R.I. :  |b American Mathematical Society ;  |a [London] :  |b London Mathematical Society,  |c c1996. 
300 |a ix, 153 p. :  |b il. ;  |c 26 cm. 
440 0 |a History of mathematics ;  |v v. 10 
504 |a Includes bibliographical references and index. 
510 4 |a MR,  |c 97k:01071 
020 |a 0821809229 
020 |a 0821805290 
100 1 |a Stillwell, John. 
084 |a 01A75 (01A55 01A60 03B30 51-03 51M10)  |2 msc2000 
010 |a  96003894  
859 |h 51  |i St857  |p A-7764  |b BIB. MATEMATICA